000 00400nam a22001457a 4500
005 20200612145145.0
008 200612b xxu||||| |||| 00| 0 eng d
082 _a345.4 AIR
110 _aALL INDIA REPORTER
_96050
245 _aALL INDIA REPORTER , [2005] [VOL-92] KARNATAKA SECTION
260 _aMUMBAI
_bALL INDIA REPORTER, PVT, LTD.
300 _a464;p
650 _aLAW
_95701
942 _cJRL
999 _c7109
_d7107